Missale romanum ex decreto sacrosancti concilii tridentini restitutum S. PII V. pontificis maximi (Record no. 8330)

MARC details
000 -CABECERA
campo de control de longitud fija 01455nam a2200361 a 4500
001 - NÚMERO DE CONTROL
campo de control BRCA_8672
005 - FECHA Y HORA DE LA ÚLTIMA TRANSACCIÓN
campo de control 20190320210350.0
008 - DATOS DE LONGITUD FIJA--INFORMACIÓN GENERAL
campo de control de longitud fija 021216s1731----it-a######---#000-0#lat-#
041 ## - CÓDIGO DE LENGUA
Código de lengua del texto/banda sonora o título independiente lat
044 ## - CÓDIGO DEL PAÍS DE LA ENTIDAD EDITORA/PRODUCTORA
Código MARC del país it
050 #4 - SIGNATURA TOPOGRÁFICA DE LA BIBLIOTECA DEL CONGRESO
Número de clasificación BX1970
Número de documento/Ítem .C54
-- 1731
100 1# - ENTRADA PRINCIPAL--NOMBRE DE PERSONA
Nombre de persona Clementis VIII
9 (RLIN) 21634
245 10 - MENCIÓN DE TÍTULO
Título Missale romanum ex decreto sacrosancti concilii tridentini restitutum S. PII V. pontificis maximi
Mención de responsabilidad, etc. Clementis VIII.
250 ## - MENCIÓN DE EDICIÓN
Mención de edición editio novissima ad norman editionis postreme romae impressae
260 ## - PUBLICACIÓN, DISTRIBUCIÓN, ETC.
Lugar de publicación, distribución, etc. Venetiis
Nombre del editor, distribuidor, etc. Apud Haeredes Balleonios
Fecha de publicación, distribución, etc. 1731
300 ## - DESCRIPCIÓN FÍSICA
Extensión xxxii, 438 p.
Otras características físicas il.
Dimensiones 35 cm
500 ## - NOTA GENERAL
Nota general Fondo antiguo
500 ## - NOTA GENERAL
Nota general Se encuentra en Caja Fuerte
500 ## - NOTA GENERAL
Nota general W-39
500 ## - NOTA GENERAL
Nota general Portada impresa a dos tintas negro y rojo con grabado
500 ## - NOTA GENERAL
Nota general Con dedicatoria: Pius Episcopus, Clemens Papa VIII, Urbanus Papa VIII
500 ## - NOTA GENERAL
Nota general Texto impreso en dos columnas
500 ## - NOTA GENERAL
Nota general Incluye láminas con grabados
500 ## - NOTA GENERAL
Nota general Uso de letras capitulares
500 ## - NOTA GENERAL
Nota general Incluye pentagramas musicales
500 ## - NOTA GENERAL
Nota general Estado físico: Grabado de la página 189 se encuentra deteriorado
500 ## - NOTA GENERAL
Nota general Incluye índice
500 ## - NOTA GENERAL
Nota general Nota de encuadernación: terciopelo se observa desgaste, aplicaciones en la tapa y esquinas metalicas
506 0# - NOTA DE RESTRICCIONES AL ACCESO
Limitaciones de acceso Fondo reservado: para su consulta es necesario credencial de usuario y carta de motivos
650 14 - PUNTO DE ACCESO ADICIONAL DE MATERIA--TÉRMINO DE MATERIA
Término de materia o nombre geográfico como elemento de entrada Iglesia católica
Término indicativo de función/relación Liturgia y ritual
Subdivisión de forma Misal
9 (RLIN) 21635
902 ## - CATALOGADOR
Iniciales LAR
942 ## - ELEMENTOS DE PUNTO DE ACCESO ADICIONAL (KOHA)
Fuente del sistema de clasificación o colocación Library of Congress Classification
Tipo de ítem Koha Libros
Holdings
Estado de retiro Estado de pérdida Estado dañado No para préstamo Localización permanente Ubicación/localización actual Fecha de adquisición Número de inventario Total de préstamos Signatura topográfica completa Código de barras Fecha visto por última vez Precio válido a partir de Tipo de ítem Koha
El ejemplar forma parte de la colección y puede ser consultado según las políticas vigentes.       Biblioteca del Museo Franz Mayer (Rogerio Casas-Alatriste) Biblioteca del Museo Franz Mayer (Rogerio Casas-Alatriste) 02/12/2016 W-39   BX1970 .C54 1731 (W-39) LAR00170 22/03/2019 22/03/2019 Libros